000 01308nam a22003617a 4500
003 CHAP
005 20220817044507.0
008 111025s2007 it b r 00010 spa d
010 _a102451
011 _a103423
020 _a9789253057313
035 _a114112
040 _cCHAP
082 1 0 _a639.2
_bF46 v.833
110 2 _aFAO
245 1 0 _aInforme del cuadro especial de expertos de la FAO encargado de evaluar las propuestas de enmienda de los apéndices I y II de la CITES relativos a la especies acuáticas explotadas comercialmente (2o.)
_c/por FAO
260 _aRoma :
_bFAO,
_c2007
300 _avii, 142 p. : gráfs., mapas, tablas
490 0 _aFAO. Informe de pesca
_v; 833
500 _aRoma, 26 - 30 marzo de 2007
590 _aBATCH-UPD
_b10
_c20130110
_lUCH01
_h1045
590 _aBATCH-UPD
_b10
_c20130410
_lUCH01
_h0644
590 _aBATCH-UPD
_b10
_c20130914
_lUCH01
_h0335
590 _aCONVERSION
_b10
_c20130109
_lUCH01
_h1356
650 1 4 _aAnimales acuaticos.
_95875
650 1 4 _aAnimales
_xTrato.
_95874
650 1 4 _aEspecies en peligro de extinción.
650 1 4 _aProducción animal.
_991859
830 0 _aFAO. Informe de pesca
_v; 833
_939587
901 _aBK
942 _cLIBRO
949 _a639.2 F46 v.833
_bBC
_cFAO
_d33724002079801
_eFAO1
_gDonaciØn
_h116013
_i114112
_sb
999 _c102451
_d102451